Statistiques concernant Footballeur star par équipe

Cliquez ici pour prendre le quiz!

Statistiques générales

  • Ce quiz a été pris 15 107 fois
  • Le résultat moyen est 6 sur 11

Statistiques - réponses

HintRéponse% Correct
BarceloneMessi
100%
MadridC.Ronaldo
99%
DortmundReus
65%
PSGIbrahimovic
64%
Manchester UnitedRooney
59%
RomaTotti
58%
BayernNeuer
55%
JuventusPogba
51%
ChelseaHazard
40%
Boca JuniorTevez
37%
LA GalaxyGerrard
9%

Distribution des résultats

Percentile par nombre de réponses

% des personnes avec chaque résultat

Votre développement - résultats

Vous n’avez pas pris ce quiz